Learning Resource and Development

Empowered enterprise risk management : (Record no. 26309)

MARC details
000 -LEADER
fixed length control field 02682nam a2200337 i 4500
003 - CONTROL NUMBER IDENTIFIER
control field CSPC
005 - DATE AND TIME OF LATEST TRANSACTION
control field 20240103120205.0
008 - FIXED-LENGTH DATA ELEMENTS--GENERAL INFORMATION
fixed length control field 231018s2021 enka b 001 0 eng
010 ## - LIBRARY OF CONGRESS CONTROL NUMBER
LC control number 2020035534
020 ## - INTERNATIONAL STANDARD BOOK NUMBER
International Standard Book Number 9781119700159
Qualifying information (hardback)
040 ## - CATALOGING SOURCE
Original cataloging agency DLC
Language of cataloging eng
Description conventions rda
Transcribing agency DLC
Modifying agency CSPC
042 ## - AUTHENTICATION CODE
Authentication code pcc
050 00 - LIBRARY OF CONGRESS CALL NUMBER
Classification number HD61
Item number .J356 2020
082 00 - DEWEY DECIMAL CLASSIFICATION NUMBER
Edition number 23
Classification number 658.155
Item number J258e
100 1# - MAIN ENTRY--PERSONAL NAME
Personal name Jankensgård, Håkan,
Relator term author.
245 10 - TITLE STATEMENT
Title Empowered enterprise risk management :
Remainder of title theory and practice /
Statement of responsibility, etc. Håkan Jankensgård and Petter Kapstad.
250 ## - EDITION STATEMENT
Edition statement First edition.
264 #1 - PRODUCTION, PUBLICATION, DISTRIBUTION, MANUFACTURE, AND COPYRIGHT NOTICE
Place of production, publication, distribution, manufacture Chichester, West Sussex :
Name of producer, publisher, distributor, manufacturer Wiley,
Date of production, publication, distribution, manufacture, or copyright notice 2021.
300 ## - PHYSICAL DESCRIPTION
Extent xi, 212 pages :
Other physical details illustrations ;
Dimensions 24 cm.
336 ## - CONTENT TYPE
Content type term text
Content type code txt
Source rdacontent
337 ## - MEDIA TYPE
Media type term unmediated
Media type code n
Source rdamedia
338 ## - CARRIER TYPE
Carrier type term volume
Carrier type code nc
Source rdacarrier
504 ## - BIBLIOGRAPHY, ETC. NOTE
Bibliography, etc. note Includes bibliographical references and index.
505 0# - FORMATTED CONTENTS NOTE
Formatted contents note Introduction to empowered enterprise risk management -- Risk defined -- Risk theory -- Risk culture -- Risk governance -- Risk register -- Risk response -- Risk appetite -- Risk budgeting -- Risk strategy -- Risk in practice: the case of Equinor -- Concluding remarks.
520 ## - SUMMARY, ETC.
Summary, etc. "Surveys of corporate practices show that firms take risk management seriously and devote considerable resources to it. Enterprise Risk Management (ERM) offers firms a set of tools for holistic risk management, and its proponents claim benefits such as fewer surprises, better risk responses, and the elimination of various suboptimal practices associated with the traditional, silo-based approach to risk management. However, despite the many apparent benefits of ERM, many senior decision-makers remain unsure how to approach it. The ERM literature is currently sprawling, with a large number of different interpretations and sometimes complex-looking blueprints and guidelines, leading to a fear that ERM, if implemented in the wrong way, will just add a layer of bureaucracy to the organization without bringing real benefits. Available information tends to be in the form of textbooks covering all aspects of the topic without any particular focus on practical implementation, or of case studies which focus on one particular aspect or application rather than the broader picture. There is a gap in the market for a book which presents the core ideas and concepts of ERM in a simple, clear, start-to-finish narrative"--
Assigning source Provided by publisher.
650 #0 - SUBJECT ADDED ENTRY--TOPICAL TERM
Topical term or geographic name entry element Risk management.
650 #0 - SUBJECT ADDED ENTRY--TOPICAL TERM
Topical term or geographic name entry element Organizational effectiveness.
700 1# - ADDED ENTRY--PERSONAL NAME
Personal name Kapstad, Petter,
Relator term author.
942 ## - ADDED ENTRY ELEMENTS (KOHA)
Source of classification or shelving scheme Dewey Decimal Classification
Koha item type Books
Classification part 658.155
Item part J258e
Call number prefix CIR
Call number suffix 2021
Suppress in OPAC No
Holdings
Withdrawn status Lost status Source of classification or shelving scheme Damaged status Not for loan Home library Current library Shelving location Date acquired Total Checkouts Full call number Barcode Date last seen Copy number Price effective from Koha item type
    Dewey Decimal Classification     Main Library Main Library Circulation Section 10/18/2023   CIR 658.155 J258e 2021 026099 10/18/2023 1-2 10/18/2023 Books
    Dewey Decimal Classification     Main Library Main Library Circulation Section 10/18/2023   CIR 658.155 J258e 2021 026666 12/18/2023 2-2 10/18/2023 Books